|
|
|
|
| LEADER |
00000nam a2200000Ia 4500 |
| 008 |
170207b2010 cr ||||| |||| 00| | spa d |
| 999 |
|
|
|c 550
|d 550
|
| 020 |
|
|
|a 9789968317726
|
| 090 |
|
|
|a 06.04.12
|b 1688
|
| 100 |
1 |
|
|a Motta Di Mare, Cecilia
|9 2406
|
| 245 |
1 |
0 |
|a Relación centro educativo, familia y comunidad: estrategia clave para mejorar la calidad de la educación /
|c Cecilia Motta Di Mare
|
| 260 |
|
|
|a San José, Costa Rica :
|b EUNED,
|c 2010
|
| 300 |
|
|
|a 278 páginas
|
| 650 |
1 |
4 |
|a RELACIONES ESCUELA COMUNIDAD
|9 1850
|
| 650 |
1 |
4 |
|a EDUCACIÓN
|9 1
|
| 650 |
1 |
4 |
|a ASPECTOS SOCIALES
|9 576
|
| 650 |
1 |
4 |
|a CALIDAD DE LA EDUCACIÓN
|9 11
|
| 942 |
|
|
|i 002303
|h 06.04.12 1688
|2 z
|c 01
|